Oceania Countries - Map Quiz - Statistics

General Stats
  • This quiz has been taken 42 times
  • The average score is 8 of 16
Answers on the Map
Answers color-coded by a green-red scale on the quiz's map according to % correct below.
 
Answer Stats
Answer % Correct
Australia
100%
Fiji
82%
New Zealand
76%
Papua New Guinea
65%
Micronesia
53%
Kiribati
47%
Nauru
47%
Samoa
47%
Solomon Islands
47%
Vanuatu
47%
French Polynesia
41%
Marshall Islands
41%
Tonga
41%
Tuvalu
41%
New Caledonia
35%
Palau
35%
No matching quizzes found
Score Distribution
Percent of People with Each Score
Percentile by Number Answered
Your Score History
You have not taken this quiz